00373nam a2200181Ia 4500003000900000008004100009040001300050040001300063041000800076100002200084245003000106250000900136260000800145260000900153300001100162300001200173490000600185IT-RoPAU120407s9999 xx 000 0 und d aIT-RoPAU cIT-RoPAU aita aGiorgio Campanini aCristianesimo e civiltà aRoma aAve c1966 a190 p. c18,5 cm v1